[Event "FIDE World Rapid-ch Open 2018"]
[White "Geller, Jakov"]
[Black "Dubrovin, Robert"]
[Site "St. Petersburg"]
[Round "2.88"]
[Annotator "ChessBase"]
[Result "1-0"]
[Date "2018.12.26"]
[WhiteElo "2518"]
[BlackElo "2220"]
[PlyCount "114"]
[TimeControl "900+10"]

1. e4 {[%emt 0:0:0]} e6 {[%emt 0:0:0]} 2. d4 {[%emt 0:0:0]} d5 {[%emt 0:0:0]} 3. Nc3 {[%emt 0:0:0]} Bb4 {[%emt 0:0:0]} 4. e5 {[%emt 0:0:2]} Ne7 {[%emt 0:0:6]} 5. a3 {[%emt 0:0:2]} Bxc3+ {[%emt 0:0:1]} 6. bxc3 {[%emt 0:0:2]
} c5 {[%emt 0:0:1]} 7. Qg4 {[%emt 0:0:3]} 0-0 {[%emt 0:0:3]
} 8. Bd3 {[%emt 0:1:18]} Nbc6 {[%emt 0:0:2]} 9. Nf3 {[%emt 0:0:27]} f5 {[%emt 0:0:17]
} 10. exf6 {[%emt 0:1:56]} Rxf6 {[%emt 0:0:1]} 11. Qh5 {[%emt 0:0:29]
} g6 {[%emt 0:2:19]} 12. Qh4 {[%emt 0:0:55]} Nf5 {[%emt 0:0:0]} 13. Bxf5 {[%emt 0:0:59]} Rxf5 {[%emt 0:0:13]} 14. Qxd8+ {[%emt 0:1:49]} Nxd8 {[%emt 0:0:0]} 15. dxc5 {[%emt 0:0:2]} e5 {[%emt 0:1:33]} 16. Be3 {[%emt 0:0:29]
} Bd7 {[%emt 0:0:57]} 17. 0-0-0 {[%emt 0:1:16]} Bc6 {[%emt 0:0:0]} 18. Rhe1 {[%emt 0:0:9]} Ne6 {[%emt 0:0:43]} 19. Kb2 {[%emt 0:1:40]} Rd8 {[%emt 0:1:17]} 20. Nh4 {[%emt 0:2:4]} Rf7 {[%emt 0:0:16]} 21. Nf3 {[%emt 0:0:55]
} Rf5 {[%emt 0:0:19]} 22. h4 {[%emt 0:0:34]} d4 {[%emt 0:1:25]
} 23. cxd4 {[%emt 0:0:56]} Bxf3 {[%emt 0:0:3]} 24. gxf3 {[%emt 0:0:2]} exd4 {[%emt 0:0:4]} 25. Bg5 {[%emt 0:0:13]} Nxg5 {[%emt 0:0:46]} 26. hxg5 {[%emt 0:0:2]
} Rxf3 {[%emt 0:1:37]} 27. Re7 {[%emt 0:0:21]} Rf7 {[%emt 0:0:0]} 28. Rxf7 {[%emt 0:0:57]} Kxf7 {[%emt 0:0:1]} 29. Kb3 {[%emt 0:0:1]} Rd5 {[%emt 0:0:22]} 30. Kc4 {[%emt 0:0:11]} Rxg5 {[%emt 0:0:3]} 31. Rb1 {[%emt 0:0:10]
} b6 {[%emt 0:0:34]} 32. cxb6 {[%emt 0:0:27]} axb6 {[%emt 0:0:0]} 33. Rxb6 {[%emt 0:0:2]} h5 {[%emt 0:0:2]} 34. Kxd4 {[%emt 0:0:22]} Rf5 {[%emt 0:0:28]} 35. Ke3 {[%emt 0:0:35]} Rc5 {[%emt 0:0:20]} 36. Kd3 {[%emt 0:0:19]
} h4 {[%emt 0:0:7]} 37. Rb1 {[%emt 0:0:22]} h3 {[%emt 0:0:28]
} 38. a4 {[%emt 0:0:5]} Rh5 {[%emt 0:1:3]} 39. Rh1 {[%emt 0:0:31]} Ke6 {[%emt 0:0:52]
} 40. a5 {[%emt 0:0:8]} Rxa5 {[%emt 0:1:44]} 41. Rxh3 {[%emt 0:0:5]
} Kf5 {[%emt 0:0:27]} 42. Rf3+ {[%emt 0:0:21]} Ke5 {[%emt 0:0:0]} 43. Re3+ {[%emt 0:0:2]} Kf4 {[%emt 0:0:14]} 44. Re6 {[%emt 0:0:35]} g5 {[%emt 0:0:4]} 45. c4 {[%emt 0:0:10]} Rf5 {[%emt 0:0:40]} 46. Re3 {[%emt 0:0:0]} g4 {[%emt 0:0:9]} 47. Kd4 {[%emt 0:0:1]} Ra5 {[%emt 0:0:4]} 48. Re2 {[%emt 0:0:4]} Kf3 {[%emt 0:0:4]} 49. Rc2 {[%emt 0:0:3]} Ra8 {[%emt 0:0:23]
} 50. c5 {[%emt 0:0:2]} Rd8+ {[%emt 0:0:4]} 51. Ke5 {[%emt 0:0:0]} Re8+ {[%emt 0:0:4]} 52. Kf5 {[%emt 0:0:35]} Rc8 {[%emt 0:0:23]} 53. c6 {[%emt 0:0:7]} Rc7 {[%emt 0:0:11]} 54. Rc3+ {[%emt 0:0:18]} Kxf2 {[%emt 0:0:6]
} 55. Kxg4 {[%emt 0:0:1]} Ke2 {[%emt 0:0:5]} 56. Kf5 {[%emt 0:0:3]
} Kd2 {[%emt 0:0:1]} 57. Rc5 {[%emt 0:0:1]} Kd3 {[%emt 0:0:0]} 1-0

[Event "FIDE World Rapid-ch Open 2018"]
[White "Vaisser, Anatoli"]
[Black "Tang, Andrew"]
[Site "St. Petersburg"]
[Round "2.89"]
[Annotator "ChessBase"]
[Result "0-1"]
[Date "2018.12.26"]
[WhiteElo "2505"]
[BlackElo "2487"]
[PlyCount "76"]
[TimeControl "900+10"]

1. d4 {[%emt 0:0:0]} d5 {[%emt 0:0:0]} 2. c4 {[%emt 0:0:0]} e6 {[%emt 0:0:0]} 3. Nc3 {[%emt 0:0:0]} Be7 {[%emt 0:0:0]} 4. cxd5 {[%emt 0:0:0]} exd5 {[%emt 0:0:0]} 5. Bf4 {[%emt 0:0:2]} c6 {[%emt 0:0:2]} 6. e3 {[%emt 0:0:1]
} Bf5 {[%emt 0:0:2]} 7. g4 {[%emt 0:0:12]} Be6 {[%emt 0:0:3]
} 8. h3 {[%emt 0:0:12]} Nd7 {[%emt 0:0:8]} 9. Nf3 {[%emt 0:0:7]} h5 {[%emt 0:0:12]
} 10. g5 {[%emt 0:0:5]} Nb6 {[%emt 0:0:33]} 11. Bd3 {[%emt 0:0:0]} Bd6 {[%emt 0:0:4]} 12. g6 {[%emt 0:0:26]} f6 {[%emt 0:0:27]} 13. Bxd6 {[%emt 0:0:20]} Qxd6 {[%emt 0:0:3]} 14. Qc2 {[%emt 0:0:7]} Ne7 {[%emt 0:0:12]
} 15. 0-0-0 {[%emt 0:0:19]} Qd7 {[%emt 0:0:4]} 16. Nh4 {[%emt 0:0:47]
} 0-0-0 {[%emt 0:0:49]} 17. Ne2 {[%emt 0:0:10]} Bxh3 {[%emt 0:0:0]} 18. Rxh3 {[%emt 0:0:18]} Qxh3 {[%emt 0:0:16]} 19. Nf5 {[%emt 0:0:11]
} Nxg6 {[%emt 0:0:22]} 20. Nxg7 {[%emt 0:0:55]} Nh4 {[%emt 0:0:26]} 21. Nf5 {[%emt 0:0:47]} Kb8 {[%emt 0:0:54]} 22. Nf4 {[%emt 0:0:31]} Qg4 {[%emt 0:0:0]} 23. Ng3 {[%emt 0:0:41]} Rdg8 {[%emt 0:1:54]} 24. Rh1 {[%emt 0:0:57]} Nf3 {[%emt 0:0:43]} 25. Nfxh5 {[%emt 0:0:49]} Qe6 {[%emt 0:2:29]} 26. Bh7 {[%emt 0:1:48]
} Rd8 {[%emt 0:1:3]} 27. Bf5 {[%emt 0:2:47]} Qd6 {[%emt 0:0:0]} 28. Bg4 {[%emt 0:0:23]} Ng5 {[%emt 0:0:12]} 29. f4 {[%emt 0:0:17]} Ne4 {[%emt 0:0:11]} 30. Nxe4 {[%emt 0:0:16]} dxe4 {[%emt 0:0:2]} 31. Qxe4 {[%emt 0:0:3]
} Nd5 {[%emt 0:0:9]} 32. Re1 {[%emt 0:1:40]} Qb4 {[%emt 0:0:0]} 33. Re2 {[%emt 0:1:4]} Qc4+ {[%emt 0:0:33]} 34. Qc2 {[%emt 0:1:23]} Qxa2 {[%emt 0:0:11]} 35. Bf3 {[%emt 0:1:24]} Qa1+ {[%emt 0:1:23]} 36. Kd2 {[%emt 0:0:17]
} Qa5+ {[%emt 0:0:3]} 37. Kc1 {[%emt 0:0:42]} Nb4 {[%emt 0:0:0]} 38. Qg6 {[%emt 0:0:50]} f5 {[%emt 0:0:15]} 0-1

[Event "FIDE World Rapid-ch Open 2018"]
[White "Baron, Tal"]
[Black "Danielyan, Vahe"]
[Site "St. Petersburg"]
[Round "2.90"]
[Annotator "ChessBase"]
[Result "1-0"]
[Date "2018.12.26"]
[WhiteElo "2532"]
[BlackElo "2220"]
[PlyCount "137"]
[TimeControl "900+10"]

1. d4 {[%emt 0:1:38]} Nf6 {[%emt 0:0:0]} 2. Bf4 {[%emt 0:0:13]} g6 {[%emt 0:0:0]
} 3. Nc3 {[%emt 0:0:2]} c5 {[%emt 0:0:22]} 4. dxc5 {[%emt 0:0:0]} Bg7 {[%emt 0:0:29]} 5. e4 {[%emt 0:1:14]} 0-0 {[%emt 0:0:15]} 6. a3 {[%emt 0:0:31]} b6 {[%emt 0:1:9]} 7. cxb6 {[%emt 0:0:13]} Qxb6 {[%emt 0:0:0]} 8. Qd2 {[%emt 0:2:12]} Bb7 {[%emt 0:0:37]} 9. Bd3 {[%emt 0:0:6]} d5 {[%emt 0:0:20]
} 10. e5 {[%emt 0:1:51]} Ne4 {[%emt 0:0:7]} 11. Bxe4 {[%emt 0:0:0]} dxe4 {[%emt 0:0:1]} 12. 0-0-0 {[%emt 0:0:25]} Nc6 {[%emt 0:0:14]} 13. Nd5 {[%emt 0:0:10]} Qd8 {[%emt 0:1:8]} 14. Bh6 {[%emt 0:0:13]} Bxe5 {[%emt 0:2:22]
} 15. f4 {[%emt 0:0:9]} Bd6 {[%emt 0:2:4]} 16. Qc3 {[%emt 0:0:0]} e5 {[%emt 0:2:18]} 17. Bg5 {[%emt 0:0:3]} Qb8 {[%emt 0:1:46]} 18. Nf6+ {[%emt 0:0:8]} Kg7 {[%emt 0:0:2]} 19. Nd7 {[%emt 0:0:22]} Qc7 {[%emt 0:0:5]
} 20. Qh3 {[%emt 0:2:15]} h5 {[%emt 0:0:5]} 21. Bf6+ {[%emt 0:0:0]} Kg8 {[%emt 0:0:15]} 22. fxe5 {[%emt 0:0:35]} Bxe5 {[%emt 0:1:32]} 23. Bxe5 {[%emt 0:0:54]} Nxe5 {[%emt 0:0:2]} 24. Qg3 {[%emt 0:0:49]} Rfc8 {[%emt 0:0:46]
} 25. Nf6+ {[%emt 0:0:10]} Kg7 {[%emt 0:0:24]} 26. Nxh5+ {[%emt 0:0:19]
} Kf8 {[%emt 0:0:1]} 27. Rd2 {[%emt 0:0:37]} gxh5 {[%emt 0:0:0]} 28. Qg5 {[%emt 0:0:11]} Nd3+ {[%emt 0:0:30]} 29. Kb1 {[%emt 0:0:18]} Qf4 {[%emt 0:0:2]} 30. Nh3 {[%emt 0:0:3]} Qxg5 {[%emt 0:0:10]} 31. Nxg5 {[%emt 0:0:2]
} Ne5 {[%emt 0:0:9]} 32. Rf1 {[%emt 0:0:1]} Ke7 {[%emt 0:0:0]} 33. Rdf2 {[%emt 0:1:13]} Rf8 {[%emt 0:1:52]} 34. Rf5 {[%emt 0:0:3]} f6 {[%emt 0:0:14]} 35. Nh7 {[%emt 0:0:1]} Nd7 {[%emt 0:0:7]} 36. Nxf8 {[%emt 0:0:5]
} Rxf8 {[%emt 0:0:1]} 37. Rxh5 {[%emt 0:0:2]} Ke6 {[%emt 0:0:0]} 38. h4 {[%emt 0:0:27]} Ne5 {[%emt 0:0:1]} 39. Kc1 {[%emt 0:0:50]} e3 {[%emt 0:0:4]} 40. Re1 {[%emt 0:0:4]} Ng4 {[%emt 0:0:9]} 41. g3 {[%emt 0:0:5]
} Rd8 {[%emt 0:0:24]} 42. Rb5 {[%emt 0:0:8]} Bf3 {[%emt 0:0:0]} 43. Rb3 {[%emt 0:0:6]} Kf5 {[%emt 0:0:19]} 44. Rb5+ {[%emt 0:0:22]} Kg6 {[%emt 0:0:12]} 45. Rb3 {[%emt 0:0:11]} a5 {[%emt 0:0:12]} 46. c4 {[%emt 0:0:1]
} Kf5 {[%emt 0:0:8]} 47. Rbxe3 {[%emt 0:0:11]} Nxe3 {[%emt 0:0:0]} 48. Rxe3 {[%emt 0:0:1]} Kg4 {[%emt 0:0:2]} 49. Re6 {[%emt 0:0:3]} f5 {[%emt 0:0:1]} 50. Rg6+ {[%emt 0:0:1]} Kh3 {[%emt 0:0:2]} 51. b4 {[%emt 0:0:29]
} axb4 {[%emt 0:0:1]} 52. axb4 {[%emt 0:0:1]} Rd4 {[%emt 0:0:0]} 53. b5 {[%emt 0:0:49]} Rxc4+ {[%emt 0:0:5]} 54. Kd2 {[%emt 0:0:0]} Rb4 {[%emt 0:0:11]} 55. b6 {[%emt 0:0:1]} Bg4 {[%emt 0:0:13]} 56. Kc3 {[%emt 0:0:1]
} Rb1 {[%emt 0:0:3]} 57. Kc2 {[%emt 0:0:15]} Rb5 {[%emt 0:0:0]} 58. Kc3 {[%emt 0:0:19]} Kxg3 {[%emt 0:1:26]} 59. h5 {[%emt 0:0:0]} f4 {[%emt 0:0:0]} 60. h6 {[%emt 0:0:1]} Rc5+ {[%emt 0:0:26]} 61. Kd4 {[%emt 0:0:46]
} Rc8 {[%emt 0:0:1]} 62. h7 {[%emt 0:0:5]} Rh8 {[%emt 0:0:0]} 63. b7 {[%emt 0:0:4]} f3 {[%emt 0:0:1]} 64. Rg8 {[%emt 0:0:3]} Rxh7 {[%emt 0:0:34]} 65. b8=Q+ {[%emt 0:0:1]} Kh3 {[%emt 0:0:1]} 66. Rh8 {[%emt 0:0:4]
} Rxh8 {[%emt 0:0:7]} 67. Qxh8+ {[%emt 0:0:1]} Kg2 {[%emt 0:0:0]} 68. Ke3 {[%emt 0:0:11]} f2 {[%emt 0:0:1]} 69. Qb2 1-0

[Event "FIDE World Rapid-ch Open 2018"]
[White "Yeritsyan, Aram"]
[Black "Ghaem Maghami, Ehsan"]
[Site "St. Petersburg"]
[Round "2.91"]
[Annotator "ChessBase"]
[Result "1/2-1/2"]
[Date "2018.12.26"]
[WhiteElo "2372"]
[BlackElo "2537"]
[PlyCount "61"]
[TimeControl "900+10"]

1. e4 {[%emt 0:0:0]} c5 {[%emt 0:0:0]} 2. Nf3 {[%emt 0:0:0]} e6 {[%emt 0:0:0]} 3. d4 {[%emt 0:0:0]} cxd4 {[%emt 0:0:1]} 4. Nxd4 {[%emt 0:0:0]} a6 {[%emt 0:0:1]} 5. c4 {[%emt 0:0:0]} Nf6 {[%emt 0:0:3]} 6. Nc3 {[%emt 0:0:2]
} Bb4 {[%emt 0:0:2]} 7. Qd3 {[%emt 0:0:3]} d6 {[%emt 0:0:1]
} 8. Nc2 {[%emt 0:0:31]} Bxc3+ {[%emt 0:0:41]} 9. Qxc3 {[%emt 0:1:2]} 0-0 {[%emt 0:0:14]
} 10. f3 {[%emt 0:0:13]} Nc6 {[%emt 0:0:3]} 11. Be3 {[%emt 0:0:0]} Qc7 {[%emt 0:1:11]} 12. Rd1 {[%emt 0:0:15]} e5 {[%emt 0:5:19]} 13. Be2 {[%emt 0:0:11]} Be6 {[%emt 0:0:11]} 14. 0-0 {[%emt 0:1:1]} Rfc8 {[%emt 0:0:32]
} 15. b3 {[%emt 0:3:30]} b5 {[%emt 0:2:32]} 16. cxb5 {[%emt 0:0:0]} axb5 {[%emt 0:0:4]} 17. Bxb5 {[%emt 0:0:31]} Qb7 {[%emt 0:0:7]} 18. Bxc6 {[%emt 0:1:10]} Rxc6 {[%emt 0:0:6]} 19. Qb4 {[%emt 0:1:50]} Qc8 {[%emt 0:2:7]
} 20. Ne1 {[%emt 0:1:39]} d5 {[%emt 0:2:57]} 21. Bg5 {[%emt 0:0:0]} d4 {[%emt 0:0:1]} 22. Bxf6 {[%emt 0:0:1]} gxf6 {[%emt 0:0:1]} 23. f4 {[%emt 0:2:26]} Rxa2 {[%emt 0:0:43]} 24. Rd3 {[%emt 0:0:25]} Rc3 {[%emt 0:0:26]
} 25. fxe5 {[%emt 0:0:14]} fxe5 {[%emt 0:0:10]} 26. Qe7 {[%emt 0:0:30]
} Qf8 {[%emt 0:0:59]} 27. Qg5+ {[%emt 0:0:46]} Qg7 {[%emt 0:0:0]} 28. Qd8+ {[%emt 0:0:1]} Qf8 {[%emt 0:0:2]} 29. Qg5+ {[%emt 0:1:13]} Qg7 {[%emt 0:0:20]} 30. Qd8+ {[%emt 0:0:2]} Qf8 {[%emt 0:0:2]} 31. Qg5+ {[%emt 0:0:1]
} 1/2-1/2

[Event "FIDE World Rapid-ch Open 2018"]
[White "Zhigalko, Andrey"]
[Black "Gurvich, Vitaly"]
[Site "St. Petersburg"]
[Round "2.92"]
[Annotator "ChessBase"]
[Result "1-0"]
[Date "2018.12.26"]
[WhiteElo "2545"]
[BlackElo "2270"]
[PlyCount "101"]
[TimeControl "900+10"]

1. e4 {[%emt 0:0:0]} c6 {[%emt 0:0:0]} 2. d4 {[%emt 0:0:0]} d5 {[%emt 0:0:0]} 3. exd5 {[%emt 0:0:0]} cxd5 {[%emt 0:0:0]} 4. c4 {[%emt 0:0:0]} Nf6 {[%emt 0:0:2]} 5. Nc3 {[%emt 0:0:0]} Nc6 {[%emt 0:0:8]} 6. Bg5 {[%emt 0:0:0]
} Ne4 {[%emt 0:1:7]} 7. Nxe4 {[%emt 0:0:1]} dxe4 {[%emt 0:0:0]} 8. d5 {[%emt 0:0:2]} Ne5 {[%emt 0:0:12]} 9. Qd4 {[%emt 0:0:3]} Ng4 {[%emt 0:0:48]
} 10. h3 {[%emt 0:9:40]} e5 {[%emt 0:1:18]} 11. Qd2 {[%emt 0:0:0]} Nf6 {[%emt 0:7:2]} 12. Ne2 {[%emt 0:0:23]} h6 {[%emt 0:1:38]} 13. Be3 {[%emt 0:0:14]} b6 {[%emt 0:0:48]} 14. g4 {[%emt 0:1:20]} Ba6 {[%emt 0:0:0]} 15. Ng3 {[%emt 0:2:24]} Rc8 {[%emt 0:0:22]} 16. b3 {[%emt 0:1:52]} b5 {[%emt 0:0:21]} 17. Rc1 {[%emt 0:0:16]} Ba3 {[%emt 0:0:26]} 18. Rc2 {[%emt 0:0:15]
} 0-0 {[%emt 0:0:42]} 19. Be2 {[%emt 0:0:14]} bxc4 {[%emt 0:0:0]} 20. bxc4 {[%emt 0:0:5]} Qd7 {[%emt 0:1:38]} 21. 0-0 {[%emt 0:0:35]} Rfd8 {[%emt 0:0:3]} 22. Rb1 {[%emt 0:0:49]} Bf8 {[%emt 0:0:24]} 23. Qa5 {[%emt 0:0:17]
} Nxd5 {[%emt 0:0:9]} 24. Qxa6 {[%emt 0:0:14]} Nb4 {[%emt 0:0:0]} 25. Rxb4 {[%emt 0:0:7]} Bxb4 {[%emt 0:0:1]} 26. Qxa7 {[%emt 0:0:0]} Qc6 {[%emt 0:0:16]} 27. c5 {[%emt 0:0:8]} Ra8 {[%emt 0:0:15]} 28. Qb6 {[%emt 0:0:5]} Qa4 {[%emt 0:0:1]} 29. Rb2 {[%emt 0:0:22]} Bc3 {[%emt 0:0:0]} 30. Rb3 {[%emt 0:0:6]} Ba5 {[%emt 0:0:22]} 31. Qb7 {[%emt 0:0:9]} Qxa2 {[%emt 0:0:7]} 32. Bc4 {[%emt 0:0:10]} Rd1+ {[%emt 0:0:14]} 33. Kg2 {[%emt 0:0:3]
} Rf8 {[%emt 0:0:9]} 34. Qxe4 {[%emt 0:0:15]} Qa1 {[%emt 0:0:0]} 35. Nf1 {[%emt 0:0:14]} Bc3 {[%emt 0:0:11]} 36. c6 {[%emt 0:0:11]} Bd4 {[%emt 0:0:2]} 37. Bxh6 {[%emt 0:0:11]} Rxf1 {[%emt 0:0:14]} 38. Bxf1 {[%emt 0:0:7]
} gxh6 {[%emt 0:0:4]} 39. Bd3 {[%emt 0:0:14]} f5 {[%emt 0:0:0]} 40. Qd5+ {[%emt 0:0:3]} Kh8 {[%emt 0:0:12]} 41. Bxf5 {[%emt 0:0:14]} Qa2 {[%emt 0:0:14]} 42. Qf3 {[%emt 0:0:5]} e4 {[%emt 0:0:9]} 43. Qg3 {[%emt 0:0:8]
} e3 {[%emt 0:0:11]} 44. Rxe3 {[%emt 0:0:10]} Qd5+ {[%emt 0:0:0]} 45. Be4 {[%emt 0:0:11]} Qc5 {[%emt 0:0:9]} 46. Rf3 {[%emt 0:0:3]} Re8 {[%emt 0:0:10]} 47. Qf4 {[%emt 0:0:10]} Bg7 {[%emt 0:0:11]} 48. Qf5 {[%emt 0:0:4]
} Qxf5 {[%emt 0:0:5]} 49. Bxf5 {[%emt 0:0:2]} Re7 {[%emt 0:0:0]} 50. Bd7 {[%emt 0:0:8]} Be5 {[%emt 0:0:2]} 51. Re3 {[%emt 0:0:4]} 1-0

[Event "FIDE World Rapid-ch Open 2018"]
[White "Anisimov, Pavel"]
[Black "Mamatov, Melis"]
[Site "St. Petersburg"]
[Round "2.93"]
[Annotator "ChessBase"]
[Result "1-0"]
[Date "2018.12.26"]
[WhiteElo "2533"]
[BlackElo "2223"]
[PlyCount "95"]
[TimeControl "900+10"]

1. d4 {[%emt 0:0:0]} d5 {[%emt 0:0:0]} 2. Bf4 {[%emt 0:0:0]} Nf6 {[%emt 0:0:14]
} 3. e3 {[%emt 0:0:0]} e6 {[%emt 0:0:11]} 4. Nf3 {[%emt 0:0:0]} Bd6 {[%emt 0:0:8]} 5. Bg3 {[%emt 0:0:1]} c5 {[%emt 0:0:10]} 6. c3 {[%emt 0:0:8]
} Nc6 {[%emt 0:0:12]} 7. Nbd2 {[%emt 0:0:10]} 0-0 {[%emt 0:0:0]} 8. Bd3 {[%emt 0:0:2]} Re8 {[%emt 0:0:35]} 9. Ne5 {[%emt 0:1:27]} Qc7 {[%emt 0:0:42]
} 10. f4 {[%emt 0:0:18]} b6 {[%emt 0:0:58]} 11. Bh4 {[%emt 0:0:0]} Be7 {[%emt 0:2:55]} 12. Bxf6 {[%emt 0:2:47]} Bxf6 {[%emt 0:0:9]} 13. h4 {[%emt 0:0:24]} Bb7 {[%emt 0:3:35]} 14. Qh5 {[%emt 0:0:36]} g6 {[%emt 0:0:21]
} 15. Qf3 {[%emt 0:0:11]} cxd4 {[%emt 0:3:30]} 16. exd4 {[%emt 0:0:7]
} Qe7 {[%emt 0:2:31]} 17. Qh3 {[%emt 0:0:27]} Rac8 {[%emt 0:0:0]} 18. h5 {[%emt 0:1:19]} g5 {[%emt 0:0:17]} 19. Ndf3 {[%emt 0:3:22]} h6 {[%emt 0:0:41]
} 20. Ng4 {[%emt 0:0:47]} Kg7 {[%emt 0:0:17]} 21. Nxf6 {[%emt 0:0:16]
} Qxf6 {[%emt 0:0:1]} 22. fxg5 {[%emt 0:0:4]} hxg5 {[%emt 0:0:0]} 23. h6+ {[%emt 0:0:11]} Kh8 {[%emt 0:0:1]} 24. 0-0 {[%emt 0:0:13]} g4 {[%emt 0:0:26]} 25. Qxg4 {[%emt 0:0:14]} Rg8 {[%emt 0:0:1]} 26. Qh5 {[%emt 0:0:24]
} Qf4 {[%emt 0:0:27]} 27. Rf2 {[%emt 0:0:56]} Qe3 {[%emt 0:0:0]} 28. Qxf7 {[%emt 0:1:44]} Qxd3 {[%emt 0:0:1]} 29. Qxb7 {[%emt 0:0:2]} Qh7 {[%emt 0:0:0]} 30. Qxh7+ {[%emt 0:0:18]} Kxh7 {[%emt 0:0:1]} 31. Re1 {[%emt 0:0:6]
} Rce8 {[%emt 0:0:12]} 32. Rfe2 {[%emt 0:0:40]} Nd8 {[%emt 0:0:0]} 33. Ne5 {[%emt 0:0:13]} Kxh6 {[%emt 0:0:3]} 34. Re3 {[%emt 0:0:1]} Rg5 {[%emt 0:0:13]} 35. Rh3+ {[%emt 0:0:21]} Kg7 {[%emt 0:0:0]} 36. Rf1 {[%emt 0:0:1]
} Rf5 {[%emt 0:0:26]} 37. Rxf5 {[%emt 0:0:13]} exf5 {[%emt 0:0:0]} 38. Rg3+ {[%emt 0:0:1]} Kh7 {[%emt 0:0:16]} 39. Kf2 {[%emt 0:0:59]} Ne6 {[%emt 0:0:13]} 40. Kf3 {[%emt 0:0:1]} b5 {[%emt 0:0:40]} 41. Rg6 {[%emt 0:0:10]
} b4 {[%emt 0:0:3]} 42. Rf6 {[%emt 0:0:11]} bxc3 {[%emt 0:0:0]} 43. bxc3 {[%emt 0:0:1]} Ng7 {[%emt 0:0:25]} 44. Ke3 {[%emt 0:0:14]} a5 {[%emt 0:0:17]} 45. Ra6 {[%emt 0:0:11]} Ne6 {[%emt 0:0:6]} 46. Rxa5 {[%emt 0:0:11]
} Rc8 {[%emt 0:0:0]} 47. Ra7+ {[%emt 0:0:23]} Kh8 {[%emt 0:0:0]} 48. Ng6+ {[%emt 0:0:3]} 1-0

[Event "FIDE World Rapid-ch Open 2018"]
[White "Makoveev, Ilya"]
[Black "Nozdrachev, Vladislav"]
[Site "St. Petersburg"]
[Round "2.94"]
[Annotator "ChessBase"]
[Result "0-1"]
[Date "2018.12.26"]
[WhiteElo "2257"]
[BlackElo "2486"]
[PlyCount "90"]
[TimeControl "900+10"]

1. e4 {[%emt 0:0:0]} e5 {[%emt 0:0:0]} 2. Nf3 {[%emt 0:0:0]} Nc6 {[%emt 0:0:0]
} 3. Bc4 {[%emt 0:0:0]} Bc5 {[%emt 0:0:0]} 4. 0-0 {[%emt 0:0:0]} Nf6 {[%emt 0:0:0]} 5. d3 {[%emt 0:0:1]} a6 {[%emt 0:0:9]} 6. a4 {[%emt 0:0:5]
} d6 {[%emt 0:0:1]} 7. c3 {[%emt 0:0:2]} Ba7 {[%emt 0:0:3]} 8. Nbd2 {[%emt 0:0:7]} h6 {[%emt 0:0:4]} 9. Re1 {[%emt 0:1:13]} g5 {[%emt 0:0:15]
} 10. Nf1 {[%emt 0:0:43]} g4 {[%emt 0:0:3]} 11. N3d2 {[%emt 0:0:0]} h5 {[%emt 0:0:12]} 12. Ne3 {[%emt 0:1:8]} h4 {[%emt 0:0:14]} 13. Ndf1 {[%emt 0:1:40]} Rg8 {[%emt 0:1:45]} 14. Kh1 {[%emt 0:2:29]} Be6 {[%emt 0:1:41]
} 15. Qe2 {[%emt 0:0:51]} Bxc4 {[%emt 0:2:8]} 16. Nxc4 {[%emt 0:0:9]
} g3 {[%emt 0:0:4]} 17. Nce3 {[%emt 0:2:55]} gxf2 {[%emt 0:0:0]} 18. Qxf2 {[%emt 0:0:3]} Nh5 {[%emt 0:0:5]} 19. Qf3 {[%emt 0:2:39]} Nf4 {[%emt 0:0:2]} 20. Nd5 {[%emt 0:2:12]} Rxg2 {[%emt 0:3:21]} 21. Nfe3 {[%emt 0:1:6]
} Rg6 {[%emt 0:0:5]} 22. Nxf4 {[%emt 0:0:10]} exf4 {[%emt 0:0:0]} 23. Qxf4 {[%emt 0:0:40]} Ne5 {[%emt 0:0:3]} 24. Qf1 {[%emt 0:0:7]} Bxe3 {[%emt 0:1:32]} 25. Bxe3 {[%emt 0:0:0]} Qe7 {[%emt 0:0:18]} 26. d4 {[%emt 0:0:19]
} Ng4 {[%emt 0:0:11]} 27. Bf4 {[%emt 0:0:9]} 0-0-0 {[%emt 0:0:0]} 28. h3 {[%emt 0:0:8]} Nf6 {[%emt 0:0:5]} 29. Qf3 {[%emt 0:0:8]} Qe6 {[%emt 0:0:35]} 30. d5 {[%emt 0:0:18]} Qd7 {[%emt 0:0:3]} 31. Re2 {[%emt 0:0:13]
} Rdg8 {[%emt 0:0:7]} 32. Rh2 {[%emt 0:0:10]} Qxa4 {[%emt 0:0:0]} 33. Re1 {[%emt 0:0:8]} Nxe4 {[%emt 0:1:16]} 34. b3 {[%emt 0:0:1]} Qe8 {[%emt 0:0:1]} 35. Rhe2 {[%emt 0:0:10]} f5 {[%emt 0:0:1]} 36. Bh2 {[%emt 0:0:15]
} Qd7 {[%emt 0:0:16]} 37. Rxe4 {[%emt 0:0:15]} fxe4 {[%emt 0:0:0]} 38. Rxe4 {[%emt 0:0:2]} b6 {[%emt 0:0:12]} 39. Rxh4 {[%emt 0:0:18]} Kb7 {[%emt 0:0:13]} 40. Re4 {[%emt 0:0:9]} Rg3 {[%emt 0:0:17]} 41. Qf1 {[%emt 0:0:12]
} Rxh3 {[%emt 0:0:7]} 42. Re2 {[%emt 0:0:8]} Rxc3 {[%emt 0:0:0]} 43. Ra2 {[%emt 0:0:6]} Qb5 {[%emt 0:0:1]} 44. Qd1 {[%emt 0:0:10]} Rc1 {[%emt 0:0:14]} 45. Qxc1 {[%emt 0:0:16]} Qxd5+ {[%emt 0:0:1]} 0-1

[Event "FIDE World Rapid-ch Open 2018"]
[White "Oganian, Miran"]
[Black "Nihal Sarin"]
[Site "St. Petersburg"]
[Round "2.95"]
[Annotator "ChessBase"]
[Result "0-1"]
[Date "2018.12.26"]
[WhiteElo "2423"]
[BlackElo "2576"]
[PlyCount "82"]
[TimeControl "900+10"]

1. b3 {[%emt 0:2:33]} d5 {[%emt 0:0:18]} 2. Bb2 {[%emt 0:0:2]} Nf6 {[%emt 0:0:2]
} 3. e3 {[%emt 0:0:25]} e6 {[%emt 0:0:7]} 4. Nf3 {[%emt 0:0:0]} c5 {[%emt 0:0:9]} 5. Be2 {[%emt 0:0:48]} Nc6 {[%emt 0:0:10]} 6. 0-0 {[%emt 0:0:18]
} Bd6 {[%emt 0:0:3]} 7. c4 {[%emt 0:1:5]} d4 {[%emt 0:0:16]} 8. exd4 {[%emt 0:0:28]} cxd4 {[%emt 0:0:4]} 9. d3 {[%emt 0:0:5]} e5 {[%emt 0:0:22]
} 10. a3 {[%emt 0:2:0]} a5 {[%emt 0:0:13]} 11. Nbd2 {[%emt 0:0:0]} 0-0 {[%emt 0:0:6]} 12. Re1 {[%emt 0:0:6]} Re8 {[%emt 0:0:19]} 13. Qc2 {[%emt 0:0:18]} b6 {[%emt 0:3:32]} 14. Bf1 {[%emt 0:0:15]} h6 {[%emt 0:0:0]} 15. g3 {[%emt 0:0:8]} Bf5 {[%emt 0:0:18]} 16. Bg2 {[%emt 0:0:10]} Qd7 {[%emt 0:2:0]} 17. Nh4 {[%emt 0:0:46]} Bh7 {[%emt 0:0:48]} 18. Ne4 {[%emt 0:0:46]
} Nxe4 {[%emt 0:0:27]} 19. Bxe4 {[%emt 0:0:17]} Bxe4 {[%emt 0:0:0]} 20. Rxe4 {[%emt 0:0:28]} f5 {[%emt 0:1:13]} 21. Re2 {[%emt 0:1:39]} Bc5 {[%emt 0:2:26]} 22. Rd1 {[%emt 0:1:32]} Rad8 {[%emt 0:0:9]} 23. Qd2 {[%emt 0:1:52]
} g5 {[%emt 0:1:47]} 24. Ng2 {[%emt 0:1:21]} e4 {[%emt 0:0:21]
} 25. dxe4 {[%emt 0:0:34]} fxe4 {[%emt 0:0:8]} 26. Kh1 {[%emt 0:0:19]} Qh3 {[%emt 0:0:47]} 27. Qe1 {[%emt 0:0:15]} Qf5 {[%emt 0:1:58]} 28. Qf1 {[%emt 0:0:41]
} Ne5 {[%emt 0:0:23]} 29. b4 {[%emt 0:0:6]} axb4 {[%emt 0:0:0]} 30. axb4 {[%emt 0:0:1]} Nf3 {[%emt 0:0:1]} 31. Ne3 {[%emt 0:0:20]} dxe3 {[%emt 0:0:6]} 32. bxc5 {[%emt 0:0:4]} Nd2 {[%emt 0:0:26]} 33. Qg2 {[%emt 0:0:12]
} Nxc4 {[%emt 0:0:2]} 34. Rf1 {[%emt 0:0:20]} Nd2 {[%emt 0:0:0]} 35. Rc1 {[%emt 0:0:11]} bxc5 {[%emt 0:0:9]} 36. Rxe3 {[%emt 0:0:5]} Nf3 {[%emt 0:0:2]} 37. Bc3 {[%emt 0:0:16]} Rd3 {[%emt 0:0:6]} 38. Qf1 {[%emt 0:0:9]
} Red8 {[%emt 0:0:4]} 39. Bb2 {[%emt 0:0:10]} Rxe3 {[%emt 0:0:0]} 40. fxe3 {[%emt 0:0:1]} Rd2 {[%emt 0:0:2]} 41. Qc4+ {[%emt 0:0:8]
} Qf7 {[%emt 0:0:2]} 0-1